Valóra vált jövendölések elérhető 180 év földrajzkönyveinek digitalizált változata /

Elmentve itt :
Bibliográfiai részletek
Szerző: M. W.
Dokumentumtípus: Cikk
Megjelent: 2024-02-18
Sorozat:Delmagyar.hu
Kulcsszavak:Klebelsberg Kuno Könyvtár, Új szolgáltatás - tartalomszolgáltatás - SZTE Contenta repozitóriumok - SZTE Miscellanea, Digitalizáció, Adatbázis, Szilassi Péter földrajz tankönyv-gyűjtemény, Szilassi Péter - egyetemi docens, Geoinformatikai, Természet- és Környezetföldrajzi Tanszék, Földrajz és Földtudományi Intézet, Természettudományi és Informatikai Kar - TTIK, Együttműködés - Magyar Tudományos Akadémia - MTA - Humbold Egyetem - Berlin
Online Access:http://univ.bibl.u-szeged.hu/69198
LEADER 01116nab a2200169 i 4500
001 univ69198
005 20240219112804.0
008 240219s2024 hu o 000 hun d
040 |a SZTE UnivHistória Repozitórium  |b hun 
041 |a hun 
100 1 |a M. W. 
245 1 0 |a Valóra vált jövendölések   |h [elektronikus dokumentum] :  |b elérhető 180 év földrajzkönyveinek digitalizált változata /  |c  M. W. 
260 |c 2024-02-18 
490 0 |a Delmagyar.hu 
561 |a Egyetemi hirarchívum 
695 |a Klebelsberg Kuno Könyvtár, Új szolgáltatás - tartalomszolgáltatás - SZTE Contenta repozitóriumok - SZTE Miscellanea, Digitalizáció, Adatbázis, Szilassi Péter földrajz tankönyv-gyűjtemény, Szilassi Péter - egyetemi docens, Geoinformatikai, Természet- és Környezetföldrajzi Tanszék, Földrajz és Földtudományi Intézet, Természettudományi és Informatikai Kar - TTIK, Együttműködés - Magyar Tudományos Akadémia - MTA - Humbold Egyetem - Berlin 
856 4 0 |u http://univ.bibl.u-szeged.hu/69198/1/DELMAGYAR%20-%20elerheto-180-ev-foldrajzkonyveinek-digitalizalt-valtozata.pdf  |z Dokumentum-elérés